Sobre la pureza del arte de la lógica: tratado breve

Saved in:
Bibliografiske detaljer
Hovedforfatter: Burleigh, Walter (Author)
Format: Bog
Sprog:spansk
Udgivet: Bogotá Universidad de Los Andes 2009
Udgivelse:1a. ed
Fag:
Tags: Tilføj Tag
Ingen Tags, Vær først til at tagge denne postø!

MARC

LEADER 00000nam a2200000 a 4500
001 UCG4548
003 CL-VaPUC
008 101111e20090500CK |||||||||||||||||spa|d
020 |a 9789586954310 
082 0 4 |a 160  |b BUR  |2 21 
100 0 |a Burleigh, Walter  |e author  |9 553880 
245 1 0 |a Sobre la pureza del arte de la lógica: tratado breve 
250 |a 1a. ed 
300 |a 364 p 
942 |c BK 
945 |d 20101111 00:00:00  |a mfarfan 
260 |a Bogotá  |b Universidad de Los Andes  |c 2009 
600 0 7 |a BURLAEUS, GUALTERUS  |2 CL-VaPUC  |9 553881 
650 0 |a Lógica  |9 256849 
650 0 |a Crítica e interpretación   |9 255042 
583 |a last modification  |c 20101111 00:00:00  |k Rodrigo Vera 
999 |c 343246  |d 343244 
952 |0 0  |1 0  |4 0  |6 160_000000000000000_BUR_2009  |7 0  |8 A  |9 440382  |a BIBEDU  |b BIBEDU  |d 2019-11-22  |i 4733541  |o 160 BUR 2009  |p 4733541  |r 2019-11-22  |w 2019-11-22  |y BK  |k FIL